000 01008nam a22002777a 4500
003 dpl
005 20180629130428.0
008 180629b xxu||||| |||| 00| 0 eng d
010 _aA-966366
020 _c70.00
035 _aA-966366, A-966369
037 _bCen Lib/Ret
_a8190379607
040 _aDPL
_bHN
_c0
082 _a
_bहबीब
100 _aहबीब कैफ़ी
_960367
245 _aगमना /
_cहबीब कैफ़ी
246 _aGamna /
_bby Habeeb kaify
260 _a दिल्ली
_bजगतराम एंड संस
_c1999
270 _aix/221, मेन रोड, गांधीनगर
_b दिल्ली
_e110031
300 _a103पृ.
_c19सेमी(सजिल्द )
650 _aहिंदी साहित्य
_x
_z
_960368
650 _aहिंदी उपन्यास
_960369
650 _aHindi literature
_v
_960370
650 _aHindi fiction
_927248
942 _2ddc
_cHN
_h
_mहबीब
999 _c115203
_d115203